00325nam a22001337a 4500003000500000005001700005008004100022040000900063082001600072100004500088245002900133260002000162300000900182CEME20210628204133.0210106b xxu||||| |||| 00| 0 eng d cceme a621.362 PAS aNicholas A. Diakides, Joseph D. Bronzino aPassive infrared imaging bCRC PRESSc2012 a430P